Statistics for Table Facts

Click here to take the quiz!

General Stats

  • This quiz has been taken 7 times
  • The average score is 7 of 15

Answer Stats

QuestionAnswer% Correct
How many tables exist today, as of April 8th, 2022?12,000,000,000
75%
The first table to become president was...Andrew Jackson
75%
The Table was first invented in 1521 by...Thomas Tabel
75%
Are you excited for the release of Table 2?Yes
75%
Here's a joke - How many tables does it take to screw a lightbulb1
50%
If a coffee table holds coffee, a breakfast table holds...Dinner
50%
What was the name of the table Bill Clinton did it on? (Taxes)Francis (Colorado)
50%
Question 13 - Which City has the least amount of Tables? for [Table Facts]Miami
50%
The table was made famous by...Queen Elizabeth of Virgins
50%
Which table was famously stolen in 1943 by the Nazis?Tabletti
50%
The first table had...8 legs
25%
Which of the following songs are not about tables?Don't Stop Me Now
25%
Tables were outlawed in 1793 in...France
25%
Which Tabe is the most famous?Tabe Brawl
25%
Easy Table Question - Which Table is the leader of Table Inc.Table Apple
25%

Score Distribution

Percentile by Number Answered

Percent of People with Each Score

Your Score History

You have not taken this quiz